<?xml version="1.0" encoding="UTF-8"?>
<record
    xmlns:xsi="http://www.w3.org/2001/XMLSchema-instance"
    xsi:schemaLocation="http://www.loc.gov/MARC21/slim http://www.loc.gov/standards/marcxml/schema/MARC21slim.xsd"
    xmlns="http://www.loc.gov/MARC21/slim">

  <leader>01071nam a2200241 a 4500</leader>
  <controlfield tag="001">000030263</controlfield>
  <controlfield tag="003">DO-SdBNP</controlfield>
  <controlfield tag="005">20220628101114.0</controlfield>
  <controlfield tag="008">110505s2010    dr abc  r     000 0 spa d</controlfield>
  <datafield tag="040" ind1=" " ind2=" ">
    <subfield code="a">DO-SdBNP</subfield>
    <subfield code="b">spa</subfield>
    <subfield code="c">BNPHU</subfield>
  </datafield>
  <datafield tag="082" ind1=" " ind2="4">
    <subfield code="a">22</subfield>
    <subfield code="b">P438so</subfield>
  </datafield>
  <datafield tag="245" ind1="1" ind2="0">
    <subfield code="a">Perfiles sociodemogr&#xE1;ficos provinciales, Regi&#xF3;n Norte. /</subfield>
    <subfield code="c">Presentaci&#xF3;n, Pablo Tactuk.</subfield>
  </datafield>
  <datafield tag="260" ind1=" " ind2=" ">
    <subfield code="a">Santo Domingo :</subfield>
    <subfield code="b">Oficina Nacional de Estad&#xED;stica (ONE),</subfield>
    <subfield code="c">2010</subfield>
  </datafield>
  <datafield tag="300" ind1=" " ind2=" ">
    <subfield code="a">236 p. :</subfield>
    <subfield code="b">il., map., retrs. ;</subfield>
    <subfield code="c">28 cm.</subfield>
  </datafield>
  <datafield tag="500" ind1=" " ind2=" ">
    <subfield code="a">Incluye bibliograf&#xED;a y notas al pi&#xE9; de p&#xE1;ginas.</subfield>
  </datafield>
  <datafield tag="505" ind1=" " ind2="0">
    <subfield code="a">Presntaci&#xF3;n.</subfield>
    <subfield code="t">Dajab&#xF3;n.--</subfield>
    <subfield code="t">Duarte.--</subfield>
    <subfield code="t">Espailltat.--</subfield>
    <subfield code="t">Hermanas Mirabal.--</subfield>
    <subfield code="t">La Vega.--</subfield>
    <subfield code="t">Mar&#xED;a Trinidad S&#xE1;nchez.--</subfield>
    <subfield code="t">Monse&#xF1;or Nouel.--</subfield>
    <subfield code="t">Monte Cristi.--</subfield>
    <subfield code="t">Puerto Plata.--</subfield>
    <subfield code="t">Saman&#xE1;.--</subfield>
    <subfield code="t">S&#xE1;nchez Ram&#xED;rez.--</subfield>
    <subfield code="t">Santiago.--</subfield>
    <subfield code="t">Santiago Rodr&#xED;guez.--</subfield>
    <subfield code="t">Valverde.</subfield>
  </datafield>
  <datafield tag="590" ind1=" " ind2=" ">
    <subfield code="a">Inventariado 2022 / MF</subfield>
  </datafield>
  <datafield tag="651" ind1=" " ind2=" ">
    <subfield code="2">Rep&#xFA;blica Dominicana</subfield>
    <subfield code="v">Estad&#xED;sticas</subfield>
    <subfield code="9">81924</subfield>
  </datafield>
  <datafield tag="651" ind1=" " ind2=" ">
    <subfield code="a">Rep&#xFA;blica Dominicana</subfield>
    <subfield code="v">Desarrollo Social</subfield>
    <subfield code="9">81922</subfield>
  </datafield>
  <datafield tag="700" ind1="1" ind2=" ">
    <subfield code="a">Tactuk, Pablo</subfield>
    <subfield code="e">pres.</subfield>
    <subfield code="9">5774</subfield>
  </datafield>
  <datafield tag="910" ind1=" " ind2=" ">
    <subfield code="a">MFeliz</subfield>
  </datafield>
  <datafield tag="942" ind1=" " ind2=" ">
    <subfield code="2">ddc</subfield>
    <subfield code="c">LBS1</subfield>
  </datafield>
  <datafield tag="952" ind1=" " ind2=" ">
    <subfield code="0">0</subfield>
    <subfield code="1">0</subfield>
    <subfield code="2">ddc</subfield>
    <subfield code="5">6</subfield>
    <subfield code="7">0</subfield>
    <subfield code="8">DS</subfield>
    <subfield code="a">BNPHU</subfield>
    <subfield code="b">BNPHU</subfield>
    <subfield code="c">CT</subfield>
    <subfield code="d">2013-04-05</subfield>
    <subfield code="e">Donado por Dom. - Am.</subfield>
    <subfield code="o">P438s</subfield>
    <subfield code="p">2022-3223</subfield>
    <subfield code="r">2020-06-25</subfield>
    <subfield code="t">e. 3</subfield>
    <subfield code="w">2020-06-25</subfield>
    <subfield code="y">LBS1</subfield>
  </datafield>
  <datafield tag="952" ind1=" " ind2=" ">
    <subfield code="0">0</subfield>
    <subfield code="1">0</subfield>
    <subfield code="2">ddc</subfield>
    <subfield code="5">1</subfield>
    <subfield code="7">0</subfield>
    <subfield code="8">PD</subfield>
    <subfield code="a">BNPHU</subfield>
    <subfield code="b">BNPHU</subfield>
    <subfield code="c">CT</subfield>
    <subfield code="d">2011-02-18</subfield>
    <subfield code="e">Dep&#xF3;sito legal</subfield>
    <subfield code="o">P438s</subfield>
    <subfield code="p">2022-3220</subfield>
    <subfield code="r">2020-06-25</subfield>
    <subfield code="w">2020-06-25</subfield>
    <subfield code="y">LBS1</subfield>
  </datafield>
  <datafield tag="952" ind1=" " ind2=" ">
    <subfield code="0">0</subfield>
    <subfield code="1">0</subfield>
    <subfield code="2">ddc</subfield>
    <subfield code="5">1</subfield>
    <subfield code="7">0</subfield>
    <subfield code="8">PD</subfield>
    <subfield code="a">BNPHU</subfield>
    <subfield code="b">BNPHU</subfield>
    <subfield code="c">CT</subfield>
    <subfield code="d">2013-04-05</subfield>
    <subfield code="e">Dep&#xF3;sito legal / ONE</subfield>
    <subfield code="o">P438s</subfield>
    <subfield code="p">2022-3222</subfield>
    <subfield code="r">2020-06-25</subfield>
    <subfield code="t">e. 2</subfield>
    <subfield code="w">2020-06-25</subfield>
    <subfield code="y">LBS1</subfield>
  </datafield>
  <datafield tag="952" ind1=" " ind2=" ">
    <subfield code="0">0</subfield>
    <subfield code="1">0</subfield>
    <subfield code="2">ddc</subfield>
    <subfield code="5">6</subfield>
    <subfield code="7">0</subfield>
    <subfield code="8">DS</subfield>
    <subfield code="a">BNPHU</subfield>
    <subfield code="b">BNPHU</subfield>
    <subfield code="c">CT</subfield>
    <subfield code="d">2015-09-28</subfield>
    <subfield code="e">Donado por An&#xF3;nimo</subfield>
    <subfield code="o">22 P438so</subfield>
    <subfield code="p">2022-3224</subfield>
    <subfield code="r">2022-06-28</subfield>
    <subfield code="t">e.4</subfield>
    <subfield code="w">2022-06-28</subfield>
    <subfield code="y">LBS1</subfield>
  </datafield>
  <datafield tag="999" ind1=" " ind2=" ">
    <subfield code="c">29755</subfield>
    <subfield code="d">29755</subfield>
  </datafield>
</record>
